00500nam a2200193 a 4500001001300000003000900013005001700022008004100039020001000080082001700090100002500107245002300132260003300155300000900188500003500197505002500232650002400257700002500281nice12345678IN_TiNIC20260116011401.0050524s1966 azaa grp 000 0 urd  ac10000a954.022bNAD aNadvi, Syed Sulaiman aMaqalat-E-Sulaiman aAzamgarhbMatba Maarifc1966 a448p aincludes index and biblioraphy2 aIndexes to the notes aIslam-History-India1 aNadvi, Syed Sulaiman